00464nam a2200157Ia 4500003000900000008004100009040001600050080001500066100002100081245007500102260003500177300001500212490004800227650001200275650001900287IN-BaIIA211028s9999 xx 000 0 eng d cIIA Library a512bJAC-2 aJacobson, Nathan 0aLectures in abstract algebrabvol. 2, linear algebracNathan Jacobson  aTorontobD. Van Nostrandc1965 axii, 280p. aThe University series in higher mathematics aAlgebra aNASA Thesaurus